=LDR 00000nam 2200000 4500 =001 NUTBA000000000003310 =005 20140813151121.0 =006 =007 =008 =020 ##$$a 978-979-29-1724-8 =035 ##$$a 0010-081400000000155 =040 ##$$a NBPDMAT =082 ##$$a 512 =090 ##$$a 512 $b Cor m =100 ##$$a Cornelius Trihendradi =245 ##$$a Mental hitung kreatif perkalian & pembagian / $c Cornelius Trihendradi ; editor, Benedicta Rini W =260 ##$$a Yogyakarta : $b Andi, $c 2010 =300 ##$$a viii, 112 hlm. : $b ilus. ; $c 22 cm. =650 ##$$a Matematika =700 ##$$a Benedicta Rini W =850 ##$$a NBPDMAT =990 ##$$a 21404627